Countries of the 1900's on a Modern Map - One Minute Sprint - Statistics

General Stats
  • This quiz has been taken 282 times
  • The average score is 163 of 196
Answers on the Map
Answers color-coded by a green-red scale on the quiz's map according to % correct below.
 
Answer Stats
Country % Correct
Austria
99%
Canada
99%
Germany
99%
China
98%
Libya
98%
Marshall Islands
98%
Palau
98%
Sierra Leone
98%
Solomon Islands
98%
Bahamas
97%
Bahrain
97%
Botswana
97%
Brunei
97%
Burundi
97%
Cameroon
97%
Central African Republic
97%
Chad
97%
Dominica
97%
Egypt
97%
Eritrea
97%
France
97%
Gabon
97%
Gambia
97%
Ghana
97%
Grenada
97%
Guyana
97%
Ireland
97%
Israel
97%
Jamaica
97%
Jordan
97%
Kiribati
97%
Lesotho
97%
Maldives
97%
Mauritius
97%
Morocco
97%
Nauru
97%
North Korea
97%
Pakistan
97%
Qatar
97%
Republic of the Congo
97%
Saint Kitts and Nevis
97%
Saint Lucia
97%
Saint Vincent and the Grenadines
97%
Seychelles
97%
Singapore
97%
Somalia
97%
South Africa
97%
South Korea
97%
South Sudan
97%
Tanzania
97%
Togo
97%
Trinidad and Tobago
97%
Tuvalu
97%
United Arab Emirates
97%
United Kingdom
97%
Vanuatu
97%
Yemen
97%
Afghanistan
96%
Antigua and Barbuda
96%
Armenia
96%
Australia
96%
Azerbaijan
96%
Bangladesh
96%
Barbados
96%
Belarus
96%
Belize
96%
Bhutan
96%
Cyprus
96%
Estonia
96%
Eswatini
96%
Fiji
96%
Georgia
96%
India
96%
Kazakhstan
96%
Kenya
96%
Kuwait
96%
Kyrgyzstan
96%
Latvia
96%
Lithuania
96%
Malawi
96%
Malaysia
96%
Malta
96%
Moldova
96%
Myanmar
96%
New Zealand
96%
Nigeria
96%
Oman
96%
Russia
96%
Sri Lanka
96%
Sudan
96%
Tajikistan
96%
Tonga
96%
Turkmenistan
96%
Uganda
96%
Ukraine
96%
Uzbekistan
96%
Zambia
96%
Zimbabwe
96%
Poland
95%
Algeria
93%
Burkina Faso
93%
Cambodia
93%
Comoros
93%
Djibouti
93%
Guinea
93%
Ivory Coast
93%
Lebanon
93%
Madagascar
93%
Mauritania
93%
Senegal
93%
Syria
93%
Tunisia
93%
Benin
92%
Cuba
92%
Equatorial Guinea
92%
Laos
92%
Mali
92%
Niger
92%
Philippines
92%
Spain
92%
United States
92%
Vietnam
92%
Federated States of Micronesia
91%
East Timor
90%
Finland
90%
Rwanda
88%
Denmark
86%
Italy
86%
Portugal
86%
Slovenia
86%
Angola
85%
Brazil
85%
Cape Verde
85%
Democratic Republic of the Congo
85%
Guinea-Bissau
85%
Mozambique
85%
São Tomé and Príncipe
85%
Taiwan
85%
Turkey
85%
Ethiopia
82%
Kosovo
81%
Saudi Arabia
81%
Serbia
81%
Iran
80%
Japan
80%
Mexico
80%
Mongolia
80%
Norway
80%
Sweden
80%
Belgium
79%
Greece
78%
Netherlands
78%
Indonesia
77%
Iraq
77%
Namibia
76%
Papua New Guinea
75%
Suriname
75%
Vatican City
72%
Croatia
71%
North Macedonia
71%
Samoa
70%
Bosnia and Herzegovina
69%
Iceland
69%
Bulgaria
68%
Czech Republic
64%
Slovakia
64%
Argentina
63%
Peru
62%
Hungary
61%
Romania
61%
Albania
60%
Colombia
60%
Chile
59%
Thailand
54%
Paraguay
53%
Nepal
50%
Bolivia
49%
Venezuela
44%
Montenegro
41%
Switzerland
40%
Ecuador
39%
Uruguay
38%
Dominican Republic
29%
Liberia
29%
Haiti
26%
Panama
25%
Guatemala
19%
Luxembourg
19%
Nicaragua
19%
Andorra
18%
Honduras
18%
Costa Rica
16%
El Salvador
15%
Monaco
15%
Liechtenstein
14%
San Marino
13%
No matching quizzes found
Score Distribution
Percent of People with Each Score
Percentile by Number Answered
Your Score History
You have not taken this quiz